000
00240nam a2200109Ia 4500
005
20251222142030.0
008
251222s9999||||xx |||||||||||||| ||spa||
082
_a
340/C77
100
_a
Cocq, Andrés de
245
0
_a
El jurado
942
_c
LIB
999
_c
10948
_d
10948